| 000 | 00937nam a22002537a 4500 | ||
|---|---|---|---|
| 005 | 20170124103027.0 | ||
| 010 | _aA-697980 | ||
| 020 | _c60.00 | ||
| 035 | _aA-697980 | ||
| 037 | _bCen Lib/Ret | ||
| 040 |
_aDPL _bHN |
||
| 082 |
_aक _bखरेम |
||
| 100 |
_aखरे, ममता _92233 |
||
| 245 |
_aकिस अधिकार से / _cममता खरे |
||
| 246 |
_aKis adhikar se / _bby Mamta Khare |
||
| 260 |
_aदिल्ली _bशुभकामना _c1994 |
||
| 270 |
_aकला निकेतन, नवीन शाहदरा _bदिल्ली _e110032 |
||
| 300 |
_a160पृ. _c17सेमी (सजिल्द) |
||
| 650 |
_aहिन्दी -- साहित्य _962587 |
||
| 650 |
_aहिन्दी -- लघु कथाएँ _945972 |
||
| 650 |
_aHindi -- Literature _962588 |
||
| 650 |
_aHindi -- short stories _929625 |
||
| 942 |
_2ddc _cHN _hक _mखरेम |
||
| 999 |
_c115659 _d115659 |
||